Dějepis. Pokusné učebné texty pre 2.ročník všeobecno vzdeláva...
Uložené v:
| Hlavní autori: | , , |
|---|---|
| Médium: | Kniha |
| Jazyk: | Czech |
| Vydané: |
1965
|
| Tagy: |
Pridať tag
Žiadne tagy, Buďte prvý kto otaguje tento záznam!
|
Titul je dostupný aj v ... 

MARC
| LEADER | 00000nam a2200000 a 4500 | ||
|---|---|---|---|
| 001 | 000231663 | ||
| 005 | 00000000000000.0 | ||
| 008 | 040101s1965 e czeo | ||
| 041 | 0 | |a cze | |
| 100 | 1 | |a CHARVÁT, J. |4 aut | |
| 245 | 1 | 0 | |a Dějepis. Pokusné učebné texty pre 2.ročník všeobecno vzdeláva... |
| 260 | |c 1965 | ||
| 500 | |a Záznam neprešiel kontrolou | ||
| 700 | 1 | |a PRAVDOVÁ, M. |4 aut | |
| 700 | 1 | |a SOJÁK, V. |4 aut | |
| 910 | |a svkkk | ||
| 998 | |a BK | ||
| 090 | |g SCKHL |k Sklad Pribinova 2. posch. |a II.144978 |i 231663-10 |s Absenčne | ||